<?xml version="1.0" encoding="UTF-8"?>
<collection xmlns="http://www.loc.gov/MARC21/slim">
 <record>
  <leader>06743cam a2201081   4500</leader>
  <controlfield tag="001">1608067815</controlfield>
  <controlfield tag="003">DE-627</controlfield>
  <controlfield tag="005">20230613174032.0</controlfield>
  <controlfield tag="007">tu</controlfield>
  <controlfield tag="008">140317s2013    xxk|||||      00| ||eng c</controlfield>
  <datafield tag="015" ind1=" " ind2=" ">
   <subfield code="a">GB,B2A,9565</subfield>
   <subfield code="2">dnb</subfield>
  </datafield>
  <datafield tag="020" ind1=" " ind2=" ">
   <subfield code="a">9781409429432</subfield>
   <subfield code="c">(hardcover : alk. paper)</subfield>
   <subfield code="9">978-1-4094-2943-2</subfield>
  </datafield>
  <datafield tag="020" ind1=" " ind2=" ">
   <subfield code="a">1409429431</subfield>
   <subfield code="9">1-4094-2943-1</subfield>
  </datafield>
  <datafield tag="035" ind1=" " ind2=" ">
   <subfield code="a">(DE-627)1608067815</subfield>
  </datafield>
  <datafield tag="035" ind1=" " ind2=" ">
   <subfield code="a">(DE-576)402347552</subfield>
  </datafield>
  <datafield tag="035" ind1=" " ind2=" ">
   <subfield code="a">(DE-599)BSZ402347552</subfield>
  </datafield>
  <datafield tag="035" ind1=" " ind2=" ">
   <subfield code="a">(OCoLC)934874655</subfield>
  </datafield>
  <datafield tag="035" ind1=" " ind2=" ">
   <subfield code="a">(OCoLC)820384783</subfield>
  </datafield>
  <datafield tag="035" ind1=" " ind2=" ">
   <subfield code="a">(DE-604)BV040527592</subfield>
  </datafield>
  <datafield tag="040" ind1=" " ind2=" ">
   <subfield code="a">DE-627</subfield>
   <subfield code="b">ger</subfield>
   <subfield code="c">DE-627</subfield>
   <subfield code="e">rakwb</subfield>
  </datafield>
  <datafield tag="041" ind1=" " ind2=" ">
   <subfield code="a">eng</subfield>
  </datafield>
  <datafield tag="044" ind1=" " ind2=" ">
   <subfield code="c">XA-GB</subfield>
   <subfield code="c">XD-US</subfield>
  </datafield>
  <datafield tag="050" ind1=" " ind2="0">
   <subfield code="a">DG848.1</subfield>
  </datafield>
  <datafield tag="082" ind1="0" ind2=" ">
   <subfield code="a">307.09</subfield>
  </datafield>
  <datafield tag="082" ind1="0" ind2=" ">
   <subfield code="a">945/.73107</subfield>
   <subfield code="q">LOC</subfield>
   <subfield code="2">23</subfield>
  </datafield>
  <datafield tag="082" ind1="0" ind2="4">
   <subfield code="a">G:it S:og Z:30</subfield>
  </datafield>
  <datafield tag="084" ind1=" " ind2=" ">
   <subfield code="a">9,10</subfield>
   <subfield code="a">1</subfield>
   <subfield code="2">ssgn</subfield>
  </datafield>
  <datafield tag="084" ind1=" " ind2=" ">
   <subfield code="a">8,2</subfield>
   <subfield code="2">ssgn</subfield>
  </datafield>
  <datafield tag="084" ind1=" " ind2=" ">
   <subfield code="a">NN 1357</subfield>
   <subfield code="q">BVB</subfield>
   <subfield code="2">rvk</subfield>
   <subfield code="0">(DE-625)rvk/126533:</subfield>
  </datafield>
  <datafield tag="084" ind1=" " ind2=" ">
   <subfield code="a">NR 8695</subfield>
   <subfield code="q">BVB</subfield>
   <subfield code="2">rvk</subfield>
   <subfield code="0">(DE-625)rvk/130118:</subfield>
  </datafield>
  <datafield tag="084" ind1=" " ind2=" ">
   <subfield code="a">74.19</subfield>
   <subfield code="2">bkl</subfield>
  </datafield>
  <datafield tag="084" ind1=" " ind2=" ">
   <subfield code="a">15.67</subfield>
   <subfield code="2">bkl</subfield>
  </datafield>
  <datafield tag="245" ind1="1" ind2="0">
   <subfield code="a">New approaches to Naples</subfield>
   <subfield code="b">c. 1500 - c. 1800; the power of place</subfield>
   <subfield code="c">ed. by Melissa Calaresu ...</subfield>
  </datafield>
  <datafield tag="264" ind1=" " ind2="1">
   <subfield code="a">Farnham</subfield>
   <subfield code="a">Burlington</subfield>
   <subfield code="b">Ashgate</subfield>
   <subfield code="c">2013</subfield>
  </datafield>
  <datafield tag="300" ind1=" " ind2=" ">
   <subfield code="a">XV, 260 S.</subfield>
   <subfield code="b">Ill.</subfield>
  </datafield>
  <datafield tag="336" ind1=" " ind2=" ">
   <subfield code="a">Text</subfield>
   <subfield code="b">txt</subfield>
   <subfield code="2">rdacontent</subfield>
  </datafield>
  <datafield tag="337" ind1=" " ind2=" ">
   <subfield code="a">ohne Hilfsmittel zu benutzen</subfield>
   <subfield code="b">n</subfield>
   <subfield code="2">rdamedia</subfield>
  </datafield>
  <datafield tag="338" ind1=" " ind2=" ">
   <subfield code="a">Band</subfield>
   <subfield code="b">nc</subfield>
   <subfield code="2">rdacarrier</subfield>
  </datafield>
  <datafield tag="500" ind1=" " ind2=" ">
   <subfield code="a">Includes bibliographical references and index</subfield>
  </datafield>
  <datafield tag="505" ind1="8" ind2="0">
   <subfield code="t">Between exoticism and marginalization : new approaches to Naples</subfield>
   <subfield code="r">Melissa Calaresu and Helen HillsMyths of modernity and the myth of the city : when the historiography of pre-modern Italy goes south / John Marino</subfield>
  </datafield>
  <datafield tag="505" ind1="8" ind2="0">
   <subfield code="t">Through a glass darkly : material holiness and the treasury Chapel of San gennaro in Naples</subfield>
   <subfield code="r">Helen Hills</subfield>
  </datafield>
  <datafield tag="505" ind1="8" ind2="0">
   <subfield code="t">Contaminating bodies : print and the 1656 plague in Naples</subfield>
   <subfield code="r">Rose Marie San Juan</subfield>
  </datafield>
  <datafield tag="505" ind1="8" ind2="0">
   <subfield code="t">Topographies of poetry : mapping early modern Naples</subfield>
   <subfield code="r">Harald Hendrix</subfield>
  </datafield>
  <datafield tag="505" ind1="8" ind2="0">
   <subfield code="t">The collection and dissemination of Neapolitan music, c.1600-c.1790</subfield>
   <subfield code="r">Dinko Fabris</subfield>
  </datafield>
  <datafield tag="505" ind1="8" ind2="0">
   <subfield code="t">Landed identity and the bourbon Neapolitan state : Claude-Joseph Vernet and the politics of the &quot;siti reali&quot;</subfield>
   <subfield code="r">Helena Hammond</subfield>
  </datafield>
  <datafield tag="505" ind1="8" ind2="0">
   <subfield code="t">The architecture of knowledge : science, collecting, and display in 18th-century Naples</subfield>
   <subfield code="r">Paola Bertucci</subfield>
  </datafield>
  <datafield tag="505" ind1="8" ind2="0">
   <subfield code="t">Collecting neapolitans : the representation of street-life in late eighteenth-century Naples</subfield>
   <subfield code="r">Melissa Calaresu</subfield>
  </datafield>
  <datafield tag="505" ind1="8" ind2="0">
   <subfield code="t">&quot;Missed opportunities&quot; in the history of Naples</subfield>
   <subfield code="r">Anna Maria Rao.</subfield>
  </datafield>
  <datafield tag="520" ind1=" " ind2=" ">
   <subfield code="a">Between exoticism and marginalization : new approaches to Naples / Melissa Calaresu and Helen Hills -- Myths of modernity and the myth of the city : when the historiography of pre-modern Italy goes south / John Marino -- Through a glass darkly : material holiness and the treasury Chapel of San gennaro in Naples / Helen Hills -- Contaminating bodies : print and the 1656 plague in Naples / Rose Marie San Juan -- Topographies of poetry : mapping early modern Naples / Harald Hendrix -- The collection and dissemination of Neapolitan music, c.1600-c.1790 / Dinko Fabris -- Landed identity and the bourbon Neapolitan state : Claude-Joseph Vernet and the politics of the &quot;siti reali&quot; / Helena Hammond -- The architecture of knowledge : science, collecting, and display in 18th-century Naples / Paola Bertucci -- Collecting neapolitans : the representation of street-life in late eighteenth-century Naples / Melissa Calaresu -- &quot;Missed opportunities&quot; in the history of Naples / Anna Maria Rao</subfield>
  </datafield>
  <datafield tag="583" ind1="1" ind2=" ">
   <subfield code="a">Archivierung/Langzeitarchivierung gewährleistet</subfield>
   <subfield code="f">SSG</subfield>
   <subfield code="2">pdager</subfield>
   <subfield code="5">DE-21</subfield>
  </datafield>
  <datafield tag="651" ind1=" " ind2="0">
   <subfield code="a">Naples (Italy)</subfield>
   <subfield code="x">Civilization</subfield>
  </datafield>
  <datafield tag="651" ind1=" " ind2="0">
   <subfield code="a">Naples (Italy)</subfield>
   <subfield code="x">History</subfield>
   <subfield code="y">1503-1734</subfield>
  </datafield>
  <datafield tag="651" ind1=" " ind2="0">
   <subfield code="a">Naples (Italy)</subfield>
   <subfield code="x">History</subfield>
   <subfield code="y">1734-1860</subfield>
  </datafield>
  <datafield tag="655" ind1=" " ind2="7">
   <subfield code="a">Aufsatzsammlung</subfield>
   <subfield code="0">(DE-588)4143413-4</subfield>
   <subfield code="0">(DE-627)105605727</subfield>
   <subfield code="0">(DE-576)209726091</subfield>
   <subfield code="2">gnd-content</subfield>
  </datafield>
  <datafield tag="689" ind1="0" ind2="0">
   <subfield code="d">g</subfield>
   <subfield code="0">(DE-588)4041476-0</subfield>
   <subfield code="0">(DE-627)106218999</subfield>
   <subfield code="0">(DE-576)209045191</subfield>
   <subfield code="a">Neapel</subfield>
   <subfield code="2">gnd</subfield>
  </datafield>
  <datafield tag="689" ind1="0" ind2="1">
   <subfield code="a">z</subfield>
   <subfield code="2">gnd</subfield>
   <subfield code="a">Geschichte 1500-1800</subfield>
  </datafield>
  <datafield tag="689" ind1="0" ind2=" ">
   <subfield code="5">DE-101</subfield>
  </datafield>
  <datafield tag="689" ind1="1" ind2="0">
   <subfield code="d">g</subfield>
   <subfield code="0">(DE-588)4041476-0</subfield>
   <subfield code="0">(DE-627)106218999</subfield>
   <subfield code="0">(DE-576)209045191</subfield>
   <subfield code="a">Neapel</subfield>
   <subfield code="2">gnd</subfield>
  </datafield>
  <datafield tag="689" ind1="1" ind2="1">
   <subfield code="d">s</subfield>
   <subfield code="0">(DE-588)4033422-3</subfield>
   <subfield code="0">(DE-627)106257315</subfield>
   <subfield code="0">(DE-576)209001933</subfield>
   <subfield code="a">Künste</subfield>
   <subfield code="2">gnd</subfield>
  </datafield>
  <datafield tag="689" ind1="1" ind2="2">
   <subfield code="a">z</subfield>
   <subfield code="2">gnd</subfield>
   <subfield code="a">Geschichte 1500-1800</subfield>
  </datafield>
  <datafield tag="689" ind1="1" ind2=" ">
   <subfield code="5">(DE-627)</subfield>
  </datafield>
  <datafield tag="689" ind1="2" ind2="0">
   <subfield code="d">g</subfield>
   <subfield code="0">(DE-588)4041476-0</subfield>
   <subfield code="0">(DE-627)106218999</subfield>
   <subfield code="0">(DE-576)209045191</subfield>
   <subfield code="a">Neapel</subfield>
   <subfield code="2">gnd</subfield>
  </datafield>
  <datafield tag="689" ind1="2" ind2="1">
   <subfield code="d">s</subfield>
   <subfield code="0">(DE-588)4033422-3</subfield>
   <subfield code="0">(DE-627)106257315</subfield>
   <subfield code="0">(DE-576)209001933</subfield>
   <subfield code="a">Künste</subfield>
   <subfield code="2">gnd</subfield>
  </datafield>
  <datafield tag="689" ind1="2" ind2="2">
   <subfield code="a">z</subfield>
   <subfield code="2">gnd</subfield>
   <subfield code="a">Geschichte 1500-1800</subfield>
  </datafield>
  <datafield tag="689" ind1="2" ind2=" ">
   <subfield code="5">(DE-627)</subfield>
  </datafield>
  <datafield tag="700" ind1="1" ind2=" ">
   <subfield code="a">Calaresu, Melissa</subfield>
   <subfield code="e">Hrsg.</subfield>
   <subfield code="0">(DE-588)133729710</subfield>
   <subfield code="0">(DE-627)552696021</subfield>
   <subfield code="0">(DE-576)300055781</subfield>
   <subfield code="4">edt</subfield>
  </datafield>
  <datafield tag="700" ind1="1" ind2=" ">
   <subfield code="a">Hills, Helen</subfield>
   <subfield code="d">1960-</subfield>
   <subfield code="0">(DE-588)1016280548</subfield>
   <subfield code="0">(DE-627)671310771</subfield>
   <subfield code="0">(DE-576)184132851</subfield>
   <subfield code="4">oth</subfield>
  </datafield>
  <datafield tag="776" ind1="1" ind2=" ">
   <subfield code="z">9781409429449</subfield>
   <subfield code="c">fPDF</subfield>
  </datafield>
  <datafield tag="776" ind1="1" ind2=" ">
   <subfield code="z">9781409474418</subfield>
   <subfield code="c">fePub</subfield>
  </datafield>
  <datafield tag="787" ind1="0" ind2="8">
   <subfield code="i">Rezensiert in</subfield>
   <subfield code="a">Roettgen, Steffi, 1941 - </subfield>
   <subfield code="t">[Rezension von: Melissa Calaresu / Helen Hills (eds.), New approaches to Naples Culture c. 1500- c.1800. The power of place]</subfield>
   <subfield code="d">2014</subfield>
   <subfield code="w">(DE-627)1797134310</subfield>
  </datafield>
  <datafield tag="787" ind1="0" ind2="8">
   <subfield code="i">Rezensiert in</subfield>
   <subfield code="a">Cocco, Sean</subfield>
   <subfield code="t">[Rezension von: Calaresu, Melissa, New Approaches to Naples c. 1500-c. 1800: The Power of Place]</subfield>
   <subfield code="d">2014</subfield>
   <subfield code="w">(DE-627)1802435301</subfield>
  </datafield>
  <datafield tag="856" ind1="4" ind2="2">
   <subfield code="u">https://swbplus.bsz-bw.de/bsz402347552inh.htm</subfield>
   <subfield code="m">B:DE-576;DE-16</subfield>
   <subfield code="q">application/pdf</subfield>
   <subfield code="v">20140520140659</subfield>
   <subfield code="x">Verlag</subfield>
   <subfield code="3">Inhaltsverzeichnis</subfield>
  </datafield>
  <datafield tag="856" ind1="4" ind2="2">
   <subfield code="u">https://swbplus.bsz-bw.de/bsz402347552rez.htm</subfield>
   <subfield code="m">B:DE-576;DE-16</subfield>
   <subfield code="q">application/pdf</subfield>
   <subfield code="v">20141219111156</subfield>
   <subfield code="x">Verlag</subfield>
   <subfield code="3">Rezension</subfield>
  </datafield>
  <datafield tag="856" ind1="4" ind2="2">
   <subfield code="u">http://www.sehepunkte.de/2014/10/24424.html</subfield>
   <subfield code="m">V:DE-576;X:Sehepunkte</subfield>
   <subfield code="q">text/html</subfield>
   <subfield code="v">20180417093901</subfield>
   <subfield code="3">Rezension</subfield>
  </datafield>
  <datafield tag="856" ind1="4" ind2="2">
   <subfield code="u">http://www.h-net.org/reviews/showrev.php?id=43261</subfield>
   <subfield code="v">2016-07-13</subfield>
   <subfield code="x">Verlag</subfield>
   <subfield code="y">Book review (H-Net)</subfield>
  </datafield>
  <datafield tag="856" ind1="4" ind2="2">
   <subfield code="u">https://www.gbv.de/dms/art-berlin/729836134.pdf</subfield>
   <subfield code="m">V:DE-601</subfield>
   <subfield code="m">B:DE-B11</subfield>
   <subfield code="q">pdf/application</subfield>
   <subfield code="v">2019-10-12</subfield>
   <subfield code="y">Inhaltsverzeichnis</subfield>
   <subfield code="3">Inhaltsverzeichnis</subfield>
  </datafield>
  <datafield tag="889" ind1=" " ind2=" ">
   <subfield code="w">(DE-627)729836134</subfield>
  </datafield>
  <datafield tag="935" ind1=" " ind2=" ">
   <subfield code="i">mdedup</subfield>
  </datafield>
  <datafield tag="936" ind1="r" ind2="v">
   <subfield code="a">NN 1357</subfield>
   <subfield code="b">Italien</subfield>
   <subfield code="k">Neuere Geschichte</subfield>
   <subfield code="k">Neuere Geschichte insgesamt</subfield>
   <subfield code="k">Darstellungen</subfield>
   <subfield code="k">Italien</subfield>
   <subfield code="0">(DE-627)1271464128</subfield>
   <subfield code="0">(DE-625)rvk/126533:</subfield>
   <subfield code="0">(DE-576)201464128</subfield>
  </datafield>
  <datafield tag="936" ind1="r" ind2="v">
   <subfield code="a">NR 8695</subfield>
   <subfield code="b">Neapel</subfield>
   <subfield code="k">Landes- und Stadtgeschichte (Allgemeine, Deutsche und Österreichische Landes- und Stadtgeschichte, Ausländische Stadtgeschichte, Geschichte der Auslanddeutschen)</subfield>
   <subfield code="k">Geschichte ausländischer Städte</subfield>
   <subfield code="k">Europäische Städte</subfield>
   <subfield code="k">Städte N</subfield>
   <subfield code="k">Neapel</subfield>
   <subfield code="0">(DE-627)1271658488</subfield>
   <subfield code="0">(DE-625)rvk/130118:</subfield>
   <subfield code="0">(DE-576)201658488</subfield>
  </datafield>
  <datafield tag="936" ind1="b" ind2="k">
   <subfield code="a">74.19</subfield>
   <subfield code="j">Europa</subfield>
   <subfield code="x">Geographie</subfield>
   <subfield code="0">(DE-627)106411675</subfield>
  </datafield>
  <datafield tag="936" ind1="b" ind2="k">
   <subfield code="a">15.67</subfield>
   <subfield code="j">Italien</subfield>
   <subfield code="x">Geschichte</subfield>
   <subfield code="0">(DE-627)181569728</subfield>
  </datafield>
  <datafield tag="951" ind1=" " ind2=" ">
   <subfield code="a">BO</subfield>
  </datafield>
  <datafield tag="990" ind1=" " ind2=" ">
   <subfield code="a">Neapel</subfield>
  </datafield>
  <datafield tag="990" ind1=" " ind2=" ">
   <subfield code="a">Geschichte 1500-1800</subfield>
  </datafield>
  <datafield tag="990" ind1=" " ind2=" ">
   <subfield code="a">Neapel</subfield>
  </datafield>
  <datafield tag="990" ind1=" " ind2=" ">
   <subfield code="a">Künste</subfield>
  </datafield>
  <datafield tag="990" ind1=" " ind2=" ">
   <subfield code="a">Geschichte 1500-1800</subfield>
  </datafield>
  <datafield tag="990" ind1=" " ind2=" ">
   <subfield code="a">Neapel</subfield>
  </datafield>
  <datafield tag="990" ind1=" " ind2=" ">
   <subfield code="a">Künste</subfield>
  </datafield>
  <datafield tag="990" ind1=" " ind2=" ">
   <subfield code="a">Geschichte 1500-1800</subfield>
  </datafield>
  <datafield tag="991" ind1=" " ind2=" ">
   <subfield code="a">Rezensiertes Werk</subfield>
  </datafield>
  <datafield tag="999" ind1=" " ind2=" ">
   <subfield code="a">KXP-PPN1608067815</subfield>
   <subfield code="e">4183710057</subfield>
  </datafield>
 </record>
</collection>
